000 00324 a2200157 4500
001 195452
020 _a9788574124889
040 _cMagnum
100 _aSchubert, Ingrid
240 1 0 _aO guarda-chuva
_lpor
245 1 0 _aO guarda-chuva
300 _a36
362 0 _a2014
697 _aLITERATURA INFANTIL
942 _cBK
999 _c195452
_d195452